000 00542nam a22002297a 4500
003 UA-OsUOA
001 86905
007 ta
008 20120912b un ||||| |||| 00| 0 ukr d
100 _aТарле Є.
090 _a94(477)
_bТ 19
942 _cBK
040 _aUA-OsUOA
_bukr
_cUA-OsUOA
_dUA-OsUOA
245 _aМісто російської слави
300 _a219 с.
955 _a4
041 _aukr
080 _a94(477)
260 _aК.
_b"Радянська школа"
_c1956
650 7 _2UDC
999 _c373094
_d373094